The doctrine of the trinity in Southern African Seventh-day Adventism : (Record no. 25256)
[ view plain ]
| 000 -LEADER | |
|---|---|
| fixed length control field | 00601nam a22001817a 4500 |
| 003 - CONTROL NUMBER IDENTIFIER | |
| control field | AUA.1 |
| 005 - DATE AND TIME OF LATEST TRANSACTION | |
| control field | 20251120154633.0 |
| 008 - FIXED-LENGTH DATA ELEMENTS--GENERAL INFORMATION | |
| fixed length control field | 251120b |||||||| |||| 00| 0 eng d |
| 040 ## - CATALOGING SOURCE | |
| Transcribing agency | JTL |
| 100 ## - MAIN ENTRY--PERSONAL NAME | |
| Personal name | Lottering, Grant |
| 245 ## - TITLE STATEMENT | |
| Title | The doctrine of the trinity in Southern African Seventh-day Adventism : |
| Remainder of title | a historical theological study, 1887-1974 / |
| Statement of responsibility, etc | Grant Lottering. |
| 260 ## - PUBLICATION, DISTRIBUTION, ETC. (IMPRINT) | |
| Place of publication, distribution, etc | c2025. |
| 300 ## - PHYSICAL DESCRIPTION | |
| Extent | vi, 150 pages : |
| Dimensions | 30 cm. |
| 610 ## - SUBJECT ADDED ENTRY--CORPORATE NAME | |
| Corporate name or jurisdiction name as entry element | Seventh-day Adventist Church |
| Geographic subdivision | Southern Africa |
| 650 ## - SUBJECT ADDED ENTRY--TOPICAL TERM | |
| Topical term or geographic name as entry element | Trinity |
| 650 ## - SUBJECT ADDED ENTRY--TOPICAL TERM | |
| Topical term or geographic name as entry element | Church history |
| 942 ## - ADDED ENTRY ELEMENTS (KOHA) | |
| Source of classification or shelving scheme | AUA Inhouse Classification |
| Koha item type | Thesis |
| Classification part | M Rel |
| Item part | .L68 2025 |
| Withdrawn status | Lost status | Source of classification or shelving scheme | Damaged status | Not for loan | Collection code | Home library | Current library | Shelving location | Date acquired | Source of acquisition | Cost, normal purchase price | Serial Enumeration / chronology | Total Checkouts | Full call number | Barcode | Date last seen | Cost, replacement price | Price effective from | Koha item type |
|---|---|---|---|---|---|---|---|---|---|---|---|---|---|---|---|---|---|---|---|
| Library of Congress Classification | JTL Research Collection | Judith Thomas Library | Judith Thomas Library | Judith Thomas Library Research Section | 20/11/2025 | Donation, Grant Lottering | 25.00 | AUA27994 | M Rel .L68 2025 | AUA27994 | 20/11/2025 | 25.00 | 20/11/2025 | Thesis |